<?xml version="1.0" encoding="UTF-8"?><?xml-stylesheet type="text/xsl" href="static/style.xsl"?><OAI-PMH xmlns="http://www.openarchives.org/OAI/2.0/" xmlns:xsi="http://www.w3.org/2001/XMLSchema-instance" xsi:schemaLocation="http://www.openarchives.org/OAI/2.0/ http://www.openarchives.org/OAI/2.0/OAI-PMH.xsd"><responseDate>2026-06-03T14:36:31Z</responseDate><request verb="GetRecord" identifier="oai:riuma.uma.es:10630/36876" metadataPrefix="marc">https://riuma.uma.es/rest/oai/request</request><GetRecord><record><header><identifier>oai:riuma.uma.es:10630/36876</identifier><datestamp>2026-02-03T11:14:42Z</datestamp><setSpec>com_10630_2254</setSpec><setSpec>col_10630_37953</setSpec></header><metadata><record xmlns="http://www.loc.gov/MARC21/slim" xmlns:dcterms="http://purl.org/dc/terms/" xmlns:doc="http://www.lyncode.com/xoai" xmlns:xsi="http://www.w3.org/2001/XMLSchema-instance" xsi:schemaLocation="http://www.loc.gov/MARC21/slim http://www.loc.gov/standards/marcxml/schema/MARC21slim.xsd">
   <leader>00925njm 22002777a 4500</leader>
   <datafield ind2=" " ind1=" " tag="042">
      <subfield code="a">dc</subfield>
   </datafield>
   <datafield ind2=" " ind1=" " tag="720">
      <subfield code="a">Pérez-Gómez, Ángel Ignacio</subfield>
      <subfield code="e">author</subfield>
   </datafield>
   <datafield ind2=" " ind1=" " tag="720">
      <subfield code="a">Soto-Gómez, Encarnación</subfield>
      <subfield code="e">author</subfield>
   </datafield>
   <datafield ind2=" " ind1=" " tag="260">
      <subfield code="c">2021</subfield>
   </datafield>
   <datafield ind2=" " ind1=" " tag="520">
      <subfield code="a">Este trabajo presenta un análisis y diagnóstico de las características globales y desafíos&#xd;
educativos que este año de pandemia ha subrayado como tareas pendientes de nuestro&#xd;
sistema educativo. Aprender a vivir en la incertidumbre, cultivar la sabiduría, promover&#xd;
el cuidado y la cooperación, fomentar la conciencia ecológica con un modelo económico&#xd;
al servicio de la vida y comprender, cuestionar e integrar educativamente los potentes escenarios&#xd;
virtuales y las controvertidas herramientas digitales, son para nosotros los retos&#xd;
ineludibles y urgentes que debemos abordar, para aprender juntos a vivir y explorar la&#xd;
complejidad. Responder de manera adecuada a estos retos requiere apostar decididamente,&#xd;
en la escuela y en la universidad, por nuevos marcos pedagógicos de comprensión y&#xd;
acción que incorporen una participación y una intervención más activa, refl exiva, cooperativa,&#xd;
personalizada, creativa e híbrida. En defi nitiva, necesitamos incorporar formas de&#xd;
enseñar y evaluar, que faciliten que cada aprendiz vaya construyendo y reconstruyendo en&#xd;
cooperación y con autonomía su propio proyecto vital y profesional. La Lesson Study, como&#xd;
estrategia de investigación acción cooperativa centrada en la mejora de la enseñanza desde&#xd;
la perspectiva de los estudiantes y el desarrollo profesional docente inicial y permanente,&#xd;
puede considerarse una valiosa estrategia pedagógica para este propósito.</subfield>
   </datafield>
   <datafield ind1="8" ind2=" " tag="024">
      <subfield code="a">Pérez Gómez, A. I. y Soto Gómez, E. (2021). Aprender juntos a vivir y explorar la complejidad. Nuevos marcos pedagógicos de interpretación y acción. REICE. Revista Iberoamericana sobre Calidad, Efi cacia y Cambio en Educación, 19(4), 13-29.</subfield>
   </datafield>
   <datafield ind1="8" ind2=" " tag="024">
      <subfield code="a">https://hdl.handle.net/10630/36876</subfield>
   </datafield>
   <datafield ind1="8" ind2=" " tag="024">
      <subfield code="a">10.15366/reice2021.19.4.001</subfield>
   </datafield>
   <datafield tag="653" ind2=" " ind1=" ">
      <subfield code="a">Investigación activa en educación</subfield>
   </datafield>
   <datafield ind2="0" ind1="0" tag="245">
      <subfield code="a">Aprender Juntos a Vivir y Explorar la Complejidad. Nuevos Marcos Pedagógicos de Interpretación y Acción.</subfield>
   </datafield>
</record>
</metadata></record></GetRecord></OAI-PMH>